|
|
|
|
| LEADER |
30330nas a22025337a 4500 |
| 008 |
130111b ii s||pdd|||| 00| 0 mal d |
| 999 |
|
|
|c 97938
|d 97938
|
| 022 |
|
|
|a 0975-0347
|
| 082 |
|
|
|b Shelf 206
|
| 245 |
|
|
|a Vanitha
|
| 260 |
|
|
|a Kottayam
|b MM Publications Ltd.
|
| 222 |
|
|
|a Vanitha
|
| 300 |
|
|
|a .
|
| 310 |
|
|
|a Semimonthly
|
| 942 |
|
|
|2 ddc
|c SER
|s 1
|
| 952 |
|
|
|0 0
|1 0
|2 ddc
|4 0
|6 SHELF_206_000000000000000
|7 0
|9 99550
|a UL
|b UL
|c PER
|d 2013-07-15
|h Vol 39, Issue 10
|l 0
|o Shelf 206
|r 2013-07-15
|w 2013-07-15
|y SER
|
| 952 |
|
|
|0 0
|1 0
|2 ddc
|4 0
|6 SHELF_206_000000000000000
|7 0
|9 99735
|a UL
|b UL
|c PER
|d 2013-08-01
|h Vol 39, Issue 11
|l 0
|o Shelf 206
|r 2013-08-01
|w 2013-08-01
|y SER
|
| 952 |
|
|
|0 0
|1 0
|2 ddc
|4 0
|6 SHELF_206_000000000000000
|7 0
|9 99818
|a UL
|b UL
|c PER
|d 2013-08-17
|h Vol 39, Issue 12
|l 0
|o Shelf 206
|r 2013-08-17
|w 2013-08-17
|y SER
|
| 952 |
|
|
|0 0
|1 0
|2 ddc
|4 0
|6 SHELF_206_000000000000000
|7 0
|9 100149
|a UL
|b UL
|c PER
|d 2013-08-31
|h Vol 39, Issue 13
|l 0
|o Shelf 206
|r 2013-08-31
|w 2013-08-31
|y SER
|z Vol39, Issue13 has 2 parts
|
| 952 |
|
|
|0 0
|1 0
|2 ddc
|4 0
|6 SHELF_206_000000000000000
|7 0
|9 100580
|a UL
|b UL
|c PER
|d 2013-09-30
|h Vol 39, Issue 15
|l 0
|o Shelf 206
|r 2013-09-30
|w 2013-09-30
|y SER
|
| 952 |
|
|
|0 0
|1 0
|2 ddc
|4 0
|6 SHELF_206_000000000000000
|7 0
|9 101067
|a UL
|b UL
|c PER
|d 2013-10-18
|h Vol 39, Issue 16
|l 0
|o Shelf 206
|r 2013-10-18
|w 2013-10-18
|y SER
|
| 952 |
|
|
|0 0
|1 0
|2 ddc
|4 0
|6 SHELF_206_000000000000000
|7 0
|9 101545
|a UL
|b UL
|c PER
|d 2013-11-01
|h Vol 39, Issue 17
|l 0
|o Shelf 206
|r 2013-11-01
|w 2013-11-01
|y SER
|
| 952 |
|
|
|0 0
|1 0
|2 ddc
|4 0
|6 SHELF_206_000000000000000
|7 0
|9 101806
|a UL
|b UL
|c PER
|d 2013-11-15
|h Vol 39, Issue 18
|l 0
|o Shelf 206
|r 2013-11-15
|w 2013-11-15
|y SER
|
| 952 |
|
|
|0 0
|1 0
|2 ddc
|4 0
|6 SHELF_206_000000000000000
|7 0
|9 102188
|a UL
|b UL
|c PER
|d 2013-12-03
|h Vol 39, Issue 19
|l 0
|o Shelf 206
|r 2013-12-03
|w 2013-12-03
|y SER
|
| 952 |
|
|
|0 0
|1 0
|2 ddc
|4 0
|6 SHELF_206_000000000000000
|7 0
|9 102534
|a UL
|b UL
|c PER
|d 2013-12-16
|h Vol 39, Issue 20
|l 0
|o Shelf 206
|r 2013-12-16
|w 2013-12-16
|y SER
|
| 952 |
|
|
|0 0
|1 0
|2 ddc
|4 0
|6 SHELF_206_000000000000000
|7 0
|9 102771
|a UL
|b UL
|c PER
|d 2014-01-01
|h Vol 39, Issue 21
|l 0
|o Shelf 206
|r 2014-01-01
|w 2014-01-01
|y SER
|
| 952 |
|
|
|0 0
|1 0
|2 ddc
|4 0
|6 SHELF_206_000000000000000
|7 0
|9 102989
|a UL
|b UL
|c PER
|d 2014-01-16
|h Vol 39, Issue 22
|l 0
|o Shelf 206
|r 2014-01-16
|w 2014-01-16
|y SER
|
| 952 |
|
|
|0 0
|1 0
|2 ddc
|4 0
|6 SHELF_206_000000000000000
|7 0
|9 103247
|a UL
|b UL
|c PER
|d 2014-02-01
|h Vol 39, Issue 23
|l 0
|o Shelf 206
|r 2014-02-01
|w 2014-02-01
|y SER
|
| 952 |
|
|
|0 0
|1 0
|2 ddc
|4 0
|6 SHELF_206_000000000000000
|7 0
|9 103477
|a UL
|b UL
|c PER
|d 2014-02-17
|h Vol 39, Issue 24
|l 0
|o Shelf 206
|r 2014-02-17
|w 2014-02-17
|y SER
|
| 952 |
|
|
|0 0
|1 0
|2 ddc
|4 0
|6 SHELF_206_000000000000000
|7 0
|9 103611
|a UL
|b UL
|c PER
|d 2014-03-03
|h Vol 40, Issue 1
|l 0
|o Shelf 206
|r 2014-03-03
|w 2014-03-03
|y SER
|
| 952 |
|
|
|0 0
|1 0
|2 ddc
|4 0
|6 SHELF_229_000000000000000
|7 0
|9 104378
|a UL
|b UL
|c PER
|d 2014-05-29
|h Vol 40, Issue 2
|l 0
|o Shelf 229
|r 2014-05-29
|w 2014-05-29
|y SER
|
| 952 |
|
|
|0 0
|1 0
|2 ddc
|4 0
|6 SHELF_229_000000000000000
|7 0
|9 104379
|a UL
|b UL
|c PER
|d 2014-05-29
|h Vol 40, Issue 3
|l 0
|o Shelf 229
|r 2014-05-29
|w 2014-05-29
|y SER
|
| 952 |
|
|
|0 0
|1 0
|2 ddc
|4 0
|6 SHELF_229_000000000000000
|7 0
|9 104380
|a UL
|b UL
|c PER
|d 2014-05-29
|h Vol 40, Issue 4
|l 0
|o Shelf 229
|r 2014-05-29
|w 2014-05-29
|y SER
|
| 952 |
|
|
|0 0
|1 0
|2 ddc
|4 0
|6 SHELF_229_000000000000000
|7 0
|9 104382
|a UL
|b UL
|c PER
|d 2014-05-29
|h Vol 40, Issue 5
|l 0
|o Shelf 229
|r 2014-05-29
|w 2014-05-29
|y SER
|
| 952 |
|
|
|0 0
|1 0
|2 ddc
|4 0
|6 SHELF_229_000000000000000
|7 0
|9 104383
|a UL
|b UL
|c PER
|d 2014-05-29
|h Vol 40, Issue 5
|l 0
|o Shelf 229
|r 2014-05-29
|w 2014-05-29
|y SER
|
| 952 |
|
|
|0 0
|1 0
|2 ddc
|4 0
|6 SHELF_229_000000000000000
|7 0
|9 104384
|a UL
|b UL
|c PER
|d 2014-05-29
|h Vol 40, Issue 6
|l 0
|o Shelf 229
|r 2014-05-29
|w 2014-05-29
|y SER
|
| 952 |
|
|
|0 0
|1 0
|2 ddc
|4 0
|6 SHELF_229_000000000000000
|7 0
|9 104399
|a UL
|b UL
|c PER
|d 2014-05-30
|h Vol 40, Issue 7
|l 0
|o Shelf 229
|r 2014-05-30
|w 2014-05-30
|y SER
|
| 952 |
|
|
|0 0
|1 0
|2 ddc
|4 0
|6 SHELF_229_000000000000000
|7 0
|9 105362
|a UL
|b UL
|c PER
|d 2014-06-16
|h Vol 40, Issue 8
|l 0
|o Shelf 229
|r 2014-06-16
|w 2014-06-16
|y SER
|
| 952 |
|
|
|0 0
|1 0
|2 ddc
|4 0
|6 SHELF_229_000000000000000
|7 0
|9 105681
|a UL
|b UL
|c PER
|d 2014-07-04
|h Vol 40, Issue 9
|l 0
|o Shelf 229
|r 2014-07-04
|w 2014-07-04
|y SER
|
| 952 |
|
|
|0 0
|1 0
|2 ddc
|4 0
|6 SHELF_229_000000000000000
|7 0
|9 105856
|a UL
|b UL
|c PER
|d 2014-07-17
|h Vol 40, Issue 10
|l 0
|o Shelf 229
|r 2014-07-17
|w 2014-07-17
|y SER
|
| 952 |
|
|
|0 0
|1 0
|2 ddc
|4 0
|6 SHELF_229_000000000000000
|7 0
|9 106074
|a UL
|b UL
|c PER
|d 2014-07-31
|h Vol 40, Issue 11
|l 0
|o Shelf 229
|r 2014-07-31
|w 2014-07-31
|y SER
|
| 952 |
|
|
|0 0
|1 0
|2 ddc
|4 0
|6 SHELF_229_000000000000000
|7 0
|9 106496
|a UL
|b UL
|c PER
|d 2014-08-30
|h Vol 40, Issue 13
|l 0
|o Shelf 229
|r 2014-08-30
|w 2014-08-30
|y SER
|
| 952 |
|
|
|0 0
|1 0
|2 ddc
|4 0
|6 SHELF_229_000000000000000
|7 0
|9 106696
|a UL
|b UL
|c PER
|d 2014-09-18
|h Vol 40, Issue 14
|l 0
|o Shelf 229
|r 2014-09-18
|w 2014-09-18
|y SER
|
| 952 |
|
|
|0 0
|1 0
|2 ddc
|4 0
|6 SHELF_229_000000000000000
|7 0
|9 106782
|a UL
|b UL
|c PER
|d 2014-09-23
|h Vol 40, Issue 12
|l 0
|o Shelf 229
|r 2014-09-23
|w 2014-09-23
|y SER
|
| 952 |
|
|
|0 0
|1 0
|2 ddc
|4 0
|6 SHELF_229_000000000000000
|7 0
|9 106924
|a UL
|b UL
|c PER
|d 2014-10-01
|h Vol 40, Issue 15
|l 0
|o Shelf 229
|r 2014-10-01
|w 2014-10-01
|y SER
|
| 952 |
|
|
|0 0
|1 0
|2 ddc
|4 0
|6 SHELF_229_000000000000000
|7 0
|9 107151
|a UL
|b UL
|c PER
|d 2014-11-05
|h Vol 40, Issue 16
|l 0
|o Shelf 229
|r 2014-11-05
|w 2014-11-05
|y SER
|
| 952 |
|
|
|0 0
|1 0
|2 ddc
|4 0
|6 SHELF_229_000000000000000
|7 0
|9 107152
|a UL
|b UL
|c PER
|d 2014-11-05
|h Vol 40, Issue 17
|l 0
|o Shelf 229
|r 2014-11-05
|w 2014-11-05
|y SER
|
| 952 |
|
|
|0 0
|1 0
|2 ddc
|4 0
|6 SHELF_229_000000000000000
|7 0
|9 107563
|a UL
|b UL
|c PER
|d 2014-12-01
|h Vol 40, Issue 19
|l 0
|o Shelf 229
|r 2014-12-01
|w 2014-12-01
|y SER
|
| 952 |
|
|
|0 0
|1 0
|2 ddc
|4 0
|6 SHELF_229_000000000000000
|7 0
|9 107921
|a UL
|b UL
|c PER
|d 2015-01-06
|h Vol 40, Issue 21
|l 0
|o Shelf 229
|r 2015-01-06
|w 2015-01-06
|y SER
|
| 952 |
|
|
|0 0
|1 0
|2 ddc
|4 0
|6 SHELF_229_000000000000000
|7 0
|9 107988
|a UL
|b UL
|c PER
|d 2015-01-09
|h Vol 40, Issue 20
|l 0
|o Shelf 229
|r 2015-01-09
|w 2015-01-09
|y SER
|
| 952 |
|
|
|0 0
|1 0
|2 ddc
|4 0
|6 SHELF_229_000000000000000
|7 0
|9 107989
|a UL
|b UL
|c PER
|d 2015-01-09
|h Vol 40, Issue 18
|l 0
|o Shelf 229
|r 2015-01-09
|w 2015-01-09
|y SER
|
| 952 |
|
|
|0 0
|1 0
|2 ddc
|4 0
|6 SHELF_229_000000000000000
|7 0
|9 108041
|a UL
|b UL
|c PER
|d 2015-01-14
|h Vol 40, Issue 22
|l 0
|o Shelf 229
|r 2015-01-14
|w 2015-01-14
|y SER
|
| 952 |
|
|
|0 0
|1 0
|2 ddc
|4 0
|6 SHELF_229_000000000000000
|7 0
|9 108349
|a UL
|b UL
|c PER
|d 2015-02-06
|h Vol 40, Issue 23
|l 0
|o Shelf 229
|r 2015-02-06
|w 2015-02-06
|y SER
|
| 952 |
|
|
|0 0
|1 0
|2 ddc
|4 0
|6 SHELF_229_000000000000000
|7 0
|9 108522
|a UL
|b UL
|c PER
|d 2015-02-18
|h Vol 40, Issue 24
|l 0
|o Shelf 229
|r 2015-02-18
|w 2015-02-18
|y SER
|
| 952 |
|
|
|0 0
|1 0
|2 ddc
|4 0
|6 SHELF_229_000000000000000
|7 0
|9 108658
|a UL
|b UL
|c PER
|d 2015-02-28
|h Vol 41, Issue 1
|l 0
|o Shelf 229
|r 2015-02-28
|w 2015-02-28
|y SER
|
| 952 |
|
|
|0 0
|1 0
|2 ddc
|4 0
|6 SHELF_229_000000000000000
|7 0
|9 109207
|a UL
|b UL
|c PER
|d 2015-03-31
|h Vol 41, Issue 3
|l 0
|o Shelf 229
|r 2015-04-18
|w 2015-03-31
|y SER
|
| 952 |
|
|
|0 0
|1 0
|2 ddc
|4 0
|6 SHELF_229_000000000000000
|7 0
|9 109208
|a UL
|b UL
|c PER
|d 2015-04-17
|h Vol 41, Issue 4
|l 0
|o Shelf 229
|r 2015-04-18
|w 2015-04-17
|y SER
|
| 952 |
|
|
|0 0
|1 0
|2 ddc
|4 0
|6 SHELF_229_000000000000000
|7 0
|9 109695
|a UL
|b UL
|c PER
|d 2015-05-14
|h Vol 41, Issue 6
|l 0
|o Shelf 229
|r 2015-05-14
|w 2015-05-14
|y SER
|
| 952 |
|
|
|0 0
|1 0
|2 ddc
|4 0
|6 SHELF_229_000000000000000
|7 0
|9 109979
|a UL
|b UL
|c PER
|d 2015-06-05
|h Vol 41, Issue 7
|l 0
|o Shelf 229
|r 2015-06-05
|w 2015-06-05
|y SER
|
| 952 |
|
|
|0 0
|1 0
|2 ddc
|4 0
|6 SHELF_229_000000000000000
|7 0
|9 110148
|a UL
|b UL
|c PER
|d 2015-06-16
|h Vol 41, Issue 8
|l 0
|o Shelf 229
|r 2015-06-16
|w 2015-06-16
|y SER
|
| 952 |
|
|
|0 0
|1 0
|2 ddc
|4 0
|6 SHELF_229_000000000000000
|7 0
|9 110507
|a UL
|b UL
|c PER
|d 2015-05-02
|h Vol 41, Issue 5
|l 0
|o Shelf 229
|r 2015-06-29
|w 2015-05-02
|y SER
|
| 952 |
|
|
|0 0
|1 0
|2 ddc
|4 0
|6 SHELF_229_000000000000000
|7 0
|9 110523
|a UL
|b UL
|c PER
|d 2015-06-30
|h Vol 41, Issue 9
|l 0
|o Shelf 229
|r 2015-06-30
|w 2015-06-30
|y SER
|
| 952 |
|
|
|0 0
|1 0
|2 ddc
|4 0
|6 SHELF_229_000000000000000
|7 0
|9 110679
|a UL
|b UL
|c PER
|d 2015-07-15
|h Vol 41, Issue 10
|l 0
|o Shelf 229
|r 2015-07-15
|w 2015-07-15
|y SER
|
| 952 |
|
|
|0 0
|1 0
|2 ddc
|4 0
|6 SHELF_229_000000000000000
|7 0
|9 110826
|a UL
|b UL
|c PER
|d 2015-07-29
|h Vol 41, Issue 11
|l 0
|o Shelf 229
|r 2015-07-29
|w 2015-07-29
|y SER
|
| 952 |
|
|
|0 0
|1 0
|2 ddc
|4 0
|6 SHELF_206_000000000000000
|7 0
|9 111000
|a UL
|b UL
|c PER
|d 2015-08-11
|h Vol 40, Issue 2
|l 0
|o Shelf 206
|r 2015-08-11
|w 2015-08-11
|y SER
|
| 952 |
|
|
|0 0
|1 0
|2 ddc
|4 0
|6 SHELF_229_000000000000000
|7 0
|9 111015
|a UL
|b UL
|c PER
|d 2015-08-12
|h Vol 41, Issue 12
|l 0
|o Shelf 229
|r 2015-08-12
|w 2015-08-12
|y SER
|
| 952 |
|
|
|0 0
|1 0
|2 ddc
|4 0
|6 SHELF_229_000000000000000
|7 0
|9 111133
|a UL
|b UL
|c PER
|d 2015-09-01
|h Vol 41, Issue 13
|l 0
|o Shelf 229
|r 2015-09-01
|w 2015-09-01
|y SER
|
| 952 |
|
|
|0 0
|1 0
|2 ddc
|4 0
|6 SHELF_229_000000000000000
|7 0
|9 111262
|a UL
|b UL
|c PER
|d 2015-09-15
|h Vol 41, Issue 14
|l 0
|o Shelf 229
|r 2015-09-15
|w 2015-09-15
|y SER
|
| 952 |
|
|
|0 0
|1 0
|2 ddc
|4 0
|6 SHELF_229_000000000000000
|7 0
|9 111404
|a UL
|b UL
|c PER
|d 2015-10-03
|h Vol 41, Issue 15
|l 0
|o Shelf 229
|r 2015-10-03
|w 2015-10-03
|y SER
|
| 952 |
|
|
|0 0
|1 0
|2 ddc
|4 0
|6 SHELF_229_000000000000000
|7 0
|9 111540
|a UL
|b UL
|c PER
|d 2015-10-16
|h Vol 41, Issue 16
|l 0
|o Shelf 229
|r 2015-10-16
|w 2015-10-16
|y SER
|
| 952 |
|
|
|0 0
|1 0
|2 ddc
|4 0
|6 SHELF_229_000000000000000
|7 0
|9 111639
|a UL
|b UL
|c PER
|d 2015-10-31
|h Vol 41, Issue 17
|l 0
|o Shelf 229
|r 2015-10-31
|w 2015-10-31
|y SER
|
| 952 |
|
|
|0 0
|1 0
|2 ddc
|4 0
|6 SHELF_229_000000000000000
|7 0
|9 115516
|a UL
|b UL
|c PER
|d 2015-11-16
|h Vol 41, Issue 18
|l 0
|o Shelf 229
|r 2015-11-16
|w 2015-11-16
|y SER
|
| 952 |
|
|
|0 0
|1 0
|2 ddc
|4 0
|6 SHELF_229_000000000000000
|7 0
|9 115653
|a UL
|b UL
|c PER
|d 2015-12-01
|h Vol 41, Issue 19
|l 0
|o Shelf 229
|r 2015-12-01
|w 2015-12-01
|y SER
|
| 952 |
|
|
|0 0
|1 0
|2 ddc
|4 0
|6 SHELF_229_000000000000000
|7 0
|9 115784
|a UL
|b UL
|c PER
|d 2015-12-15
|h Vol 41, Issue 20
|l 0
|o Shelf 229
|r 2015-12-15
|w 2015-12-15
|y SER
|
| 952 |
|
|
|0 0
|1 0
|2 ddc
|4 0
|6 SHELF_229_000000000000000
|7 0
|9 115982
|a UL
|b UL
|c PER
|d 2016-01-01
|h Vol 41, Issue 21
|l 0
|o Shelf 229
|r 2016-01-01
|w 2016-01-01
|y SER
|
| 952 |
|
|
|0 0
|1 0
|2 ddc
|4 0
|6 SHELF_229_000000000000000
|7 0
|9 116112
|a UL
|b UL
|c PER
|d 2016-01-15
|h Vol 41, Issue 22
|l 0
|o Shelf 229
|r 2016-01-15
|w 2016-01-15
|y SER
|
| 952 |
|
|
|0 0
|1 0
|2 ddc
|4 0
|6 SHELF_229_000000000000000
|7 0
|9 116200
|a UL
|b UL
|c PER
|d 2016-01-29
|h Vol 41, Issue 23
|l 0
|o Shelf 229
|r 2016-01-29
|w 2016-01-29
|y SER
|
| 952 |
|
|
|0 0
|1 0
|2 ddc
|4 0
|6 SHELF_229_000000000000000
|7 0
|9 116325
|a UL
|b UL
|c PER
|d 2016-02-15
|h Vol 41, Issue 24
|l 0
|o Shelf 229
|r 2016-02-15
|w 2016-02-15
|y SER
|
| 952 |
|
|
|0 0
|1 0
|2 ddc
|4 0
|6 SHELF_229_000000000000000
|7 0
|9 116429
|a UL
|b UL
|c PER
|d 2016-02-27
|h Vol 42, Issue 1
|l 0
|o Shelf 229
|r 2016-02-27
|w 2016-02-27
|y SER
|
| 952 |
|
|
|0 0
|1 0
|2 ddc
|4 0
|6 SHELF_229_000000000000000
|7 0
|9 116639
|a UL
|b UL
|c PER
|d 2016-03-14
|h Vol 42, Issue 2
|l 0
|o Shelf 229
|r 2016-03-14
|w 2016-03-14
|y SER
|
| 952 |
|
|
|0 0
|1 0
|2 ddc
|4 0
|6 SHELF_229_000000000000000
|7 0
|9 116841
|a UL
|b UL
|c PER
|d 2016-03-30
|h Vol 42, No 3
|l 0
|o Shelf 229
|r 2016-03-30
|w 2016-03-30
|y SER
|
| 952 |
|
|
|0 0
|1 0
|2 ddc
|4 0
|6 SHELF_229_000000000000000
|7 0
|9 117036
|a UL
|b UL
|c PER
|d 2016-04-13
|h Vol 42, No 4
|l 0
|o Shelf 229
|r 2016-04-13
|w 2016-04-13
|y SER
|
| 952 |
|
|
|0 0
|1 0
|2 ddc
|4 0
|6 SHELF_229_000000000000000
|7 0
|9 117276
|a UL
|b UL
|c PER
|d 2016-05-03
|h Vol 42, No 5
|l 0
|o Shelf 229
|r 2016-05-03
|w 2016-05-03
|y SER
|
| 952 |
|
|
|0 0
|1 0
|2 ddc
|4 0
|6 SHELF_229_000000000000000
|7 0
|9 117423
|a UL
|b UL
|c PER
|d 2016-05-17
|h Vol 42, No 6
|l 0
|o Shelf 229
|r 2016-05-17
|w 2016-05-17
|y SER
|
| 952 |
|
|
|0 0
|1 0
|2 ddc
|4 0
|6 SHELF_229_000000000000000
|7 0
|9 117613
|a UL
|b UL
|c PER
|d 2016-05-31
|h Vol 42, No 7
|l 0
|o Shelf 229
|r 2016-05-31
|w 2016-05-31
|y SER
|
| 952 |
|
|
|0 0
|1 0
|2 ddc
|4 0
|6 SHELF_229_000000000000000
|7 0
|9 117730
|a UL
|b UL
|c PER
|d 2016-06-14
|h Vol 42, No 8
|l 0
|o Shelf 229
|r 2016-06-14
|w 2016-06-14
|y SER
|
| 952 |
|
|
|0 0
|1 0
|2 ddc
|4 0
|6 SHELF_229_000000000000000
|7 0
|9 118117
|a UL
|b UL
|c PER
|d 2016-07-15
|h Vol 42, No 9
|l 0
|o Shelf 229
|r 2016-07-15
|w 2016-07-15
|y SER
|
| 952 |
|
|
|0 0
|1 0
|2 ddc
|4 0
|6 SHELF_229_000000000000000
|7 0
|9 118118
|a UL
|b UL
|c PER
|d 2016-07-15
|h Vol 42, No 10
|l 0
|o Shelf 229
|r 2016-07-15
|w 2016-07-15
|y SER
|
| 952 |
|
|
|0 0
|1 0
|2 ddc
|4 0
|6 SHELF_229_000000000000000
|7 0
|9 118351
|a UL
|b UL
|c PER
|d 2016-07-29
|h Vol 42, No 11
|l 0
|o Shelf 229
|r 2016-07-29
|w 2016-07-29
|y SER
|
| 952 |
|
|
|0 0
|1 0
|2 ddc
|4 0
|6 SHELF_229_000000000000000
|7 0
|9 118548
|a UL
|b UL
|c PER
|d 2016-08-12
|h Vol 42, No 12
|l 0
|o Shelf 229
|r 2016-08-12
|w 2016-08-12
|y SER
|
| 952 |
|
|
|0 0
|1 0
|2 ddc
|4 0
|6 SHELF_229_000000000000000
|7 0
|9 118720
|a UL
|b UL
|c PER
|d 2016-08-27
|h Vol 42, No 13
|l 0
|o Shelf 229
|r 2016-08-27
|w 2016-08-27
|y SER
|
| 952 |
|
|
|0 0
|1 0
|2 ddc
|4 0
|6 SHELF_229_000000000000000
|7 0
|9 118883
|a UL
|b UL
|c PER
|d 2016-09-19
|h Vol 42, No 14
|l 0
|o Shelf 229
|r 2016-09-19
|w 2016-09-19
|y SER
|
| 952 |
|
|
|0 0
|1 0
|2 ddc
|4 0
|6 SHELF_229_000000000000000
|7 0
|9 119098
|a UL
|b UL
|c PER
|d 2016-10-01
|h Vol 42, No 15
|l 0
|o Shelf 229
|r 2016-10-01
|w 2016-10-01
|y SER
|
| 952 |
|
|
|0 0
|1 0
|2 ddc
|4 0
|6 SHELF_229_000000000000000
|7 0
|9 119213
|a UL
|b UL
|c PER
|d 2016-10-17
|h Vol 42, No 16
|l 0
|o Shelf 229
|r 2016-10-17
|w 2016-10-17
|y SER
|
| 952 |
|
|
|0 0
|1 0
|2 ddc
|4 0
|6 SHELF_229_000000000000000
|7 0
|9 119318
|a UL
|b UL
|c PER
|d 2016-10-31
|h Vol 42, No 17
|l 0
|o Shelf 229
|r 2016-10-31
|w 2016-10-31
|y SER
|
| 952 |
|
|
|0 0
|1 0
|2 ddc
|4 0
|6 SHELF_229_000000000000000
|7 0
|9 119458
|a UL
|b UL
|c PER
|d 2016-11-14
|h Vol 42, No 18
|l 0
|o Shelf 229
|r 2016-11-14
|w 2016-11-14
|y SER
|
| 952 |
|
|
|0 0
|1 0
|2 ddc
|4 0
|6 SHELF_229_000000000000000
|7 0
|9 119664
|a UL
|b UL
|c PER
|d 2016-11-29
|h Vol 42, No 19
|l 0
|o Shelf 229
|r 2016-11-29
|w 2016-11-29
|y SER
|
| 952 |
|
|
|0 0
|1 0
|2 ddc
|4 0
|6 SHELF_229_000000000000000
|7 0
|9 119666
|a UL
|b UL
|c PER
|d 2016-12-14
|h Vol 42, No 20
|l 0
|o Shelf 229
|r 2016-11-29
|w 2016-12-14
|y SER
|
| 952 |
|
|
|0 0
|1 0
|2 ddc
|4 0
|6 SHELF_229_000000000000000
|7 0
|9 120153
|a UL
|b UL
|c PER
|d 2017-01-03
|h Vol 42, No 21
|l 0
|o Shelf 229
|r 2017-01-03
|w 2017-01-03
|y SER
|
| 952 |
|
|
|0 0
|1 0
|2 ddc
|4 0
|6 SHELF_229_000000000000000
|7 0
|9 120398
|a UL
|b UL
|c PER
|d 2017-01-16
|h Vol 42, No 22
|l 0
|o Shelf 229
|r 2017-01-16
|w 2017-01-16
|y SER
|
| 952 |
|
|
|0 0
|1 0
|2 ddc
|4 0
|6 SHELF_229_000000000000000
|7 0
|9 120497
|a UL
|b UL
|c PER
|d 2017-01-30
|h Vol 42, No 23
|l 0
|o Shelf 229
|r 2017-01-30
|w 2017-01-30
|y SER
|
| 952 |
|
|
|0 0
|1 0
|2 ddc
|4 0
|6 SHELF_229_000000000000000
|7 0
|9 120555
|a UL
|b UL
|c PER
|d 2017-02-14
|h Vol 42, No 24
|l 0
|o Shelf 229
|r 2017-02-14
|w 2017-02-14
|y SER
|
| 952 |
|
|
|0 0
|1 0
|2 ddc
|4 0
|6 SHELF_229_000000000000000
|7 0
|9 120649
|a UL
|b UL
|c PER
|d 2017-02-28
|h Vol 43, No 1
|l 0
|o Shelf 229
|r 2017-02-28
|w 2017-02-28
|y SER
|
| 952 |
|
|
|0 0
|1 0
|2 ddc
|4 0
|6 SHELF_229_000000000000000
|7 0
|9 120829
|a UL
|b UL
|c PER
|d 2017-03-14
|h Vol 43, No 2
|l 0
|o Shelf 229
|r 2017-03-14
|w 2017-03-14
|y SER
|
| 952 |
|
|
|0 0
|1 0
|2 ddc
|4 0
|6 SHELF_229_000000000000000
|7 0
|9 121753
|a UL
|b UL
|c PER
|d 2017-04-01
|h Vol 43, No 3
|l 0
|o Shelf 229
|r 2017-04-01
|w 2017-04-01
|y SER
|
| 952 |
|
|
|0 0
|1 0
|2 ddc
|4 0
|6 SHELF_229_000000000000000
|7 0
|9 122112
|a UL
|b UL
|c PER
|d 2017-04-17
|h Vol 43, No 4
|l 0
|o Shelf 229
|r 2017-04-17
|w 2017-04-17
|y SER
|
| 952 |
|
|
|0 0
|1 0
|2 ddc
|4 0
|6 SHELF_229_000000000000000
|7 0
|9 122869
|a UL
|b UL
|c PER
|d 2017-04-29
|h Vol 43, No 5
|l 0
|o Shelf 229
|r 2017-04-29
|w 2017-04-29
|y SER
|
| 952 |
|
|
|0 0
|1 0
|2 ddc
|4 0
|6 SHELF_229_000000000000000
|7 0
|9 123505
|a UL
|b UL
|c PER
|d 2017-05-15
|h Vol 43, No 6
|l 0
|o Shelf 229
|r 2017-05-15
|w 2017-05-15
|y SER
|
| 952 |
|
|
|0 0
|1 0
|2 ddc
|4 0
|6 SHELF_229_000000000000000
|7 0
|9 123814
|a UL
|b UL
|c PER
|d 2017-05-31
|h Vol 43, No 7
|l 0
|o Shelf 229
|r 2017-05-31
|w 2017-05-31
|y SER
|
| 952 |
|
|
|0 0
|1 0
|2 ddc
|4 0
|6 SHELF_229_000000000000000
|7 0
|9 123925
|a UL
|b UL
|c PER
|d 2017-06-15
|h Vol 43, No 8
|l 0
|o Shelf 229
|r 2017-06-15
|w 2017-06-15
|y SER
|
| 952 |
|
|
|0 0
|1 0
|2 ddc
|4 0
|6 SHELF_229_000000000000000
|7 0
|9 124090
|a UL
|b UL
|c PER
|d 2017-06-28
|h Vol 43, No 9
|l 0
|o Shelf 229
|r 2017-06-28
|w 2017-06-28
|y SER
|
| 952 |
|
|
|0 0
|1 0
|2 ddc
|4 0
|6 SHELF_229_000000000000000
|7 0
|9 124299
|a UL
|b UL
|c PER
|d 2017-07-14
|h Vol 43, No 10
|l 0
|o Shelf 229
|r 2017-07-14
|w 2017-07-14
|y SER
|
| 952 |
|
|
|0 0
|1 0
|2 ddc
|4 0
|6 SHELF_229_000000000000000
|7 0
|9 124459
|a UL
|b UL
|c PER
|d 2017-07-29
|h Vol 43, No 11
|l 0
|o Shelf 229
|r 2017-07-29
|w 2017-07-29
|y SER
|
| 952 |
|
|
|0 0
|1 0
|2 ddc
|4 0
|6 SHELF_229_000000000000000
|7 0
|9 124626
|a UL
|b UL
|c PER
|d 2017-08-14
|h Vol 43, No 12
|l 0
|o Shelf 229
|r 2017-08-14
|w 2017-08-14
|y SER
|
| 952 |
|
|
|0 0
|1 0
|2 ddc
|4 0
|6 SHELF_229_000000000000000
|7 0
|9 124753
|a UL
|b UL
|c PER
|d 2017-08-31
|h Vol 43, No 13
|l 0
|o Shelf 229
|r 2017-08-31
|w 2017-08-31
|y SER
|
| 952 |
|
|
|0 0
|1 0
|2 ddc
|4 0
|6 SHELF_229_000000000000000
|7 0
|9 124896
|a UL
|b UL
|c PER
|d 2017-09-14
|h Vol 43, No 14
|l 0
|o Shelf 229
|r 2017-09-14
|w 2017-09-14
|y SER
|
| 952 |
|
|
|0 0
|1 0
|2 ddc
|4 0
|6 SHELF_229_000000000000000
|7 0
|9 124987
|a UL
|b UL
|c PER
|d 2017-09-27
|h Vol 43, No 15
|l 0
|o Shelf 229
|r 2017-09-27
|w 2017-09-27
|y SER
|
| 952 |
|
|
|0 0
|1 0
|2 ddc
|4 0
|6 SHELF_229_000000000000000
|7 0
|9 125276
|a UL
|b UL
|c PER
|d 2017-10-16
|h Vol 43, No 16
|l 0
|o Shelf 229
|r 2017-10-16
|w 2017-10-16
|y SER
|
| 952 |
|
|
|0 0
|1 0
|2 ddc
|4 0
|6 SHELF_229_000000000000000
|7 0
|9 125378
|a UL
|b UL
|c PER
|d 2017-10-28
|h Vol 43, No 17
|l 0
|o Shelf 229
|r 2017-10-28
|w 2017-10-28
|y SER
|
| 952 |
|
|
|0 0
|1 0
|2 ddc
|4 0
|6 SHELF_229_000000000000000
|7 0
|9 125664
|a UL
|b UL
|c PER
|d 2017-11-14
|h Vol 43, No 18
|l 0
|o Shelf 229
|r 2017-11-14
|w 2017-11-14
|y SER
|
| 952 |
|
|
|0 0
|1 0
|2 ddc
|4 0
|6 SHELF_229_000000000000000
|7 0
|9 125837
|a UL
|b UL
|c PER
|d 2017-11-29
|h Vol 43, No 19
|l 0
|o Shelf 229
|r 2017-11-29
|w 2017-11-29
|y SER
|
| 952 |
|
|
|0 0
|1 0
|2 ddc
|4 0
|6 SHELF_229_000000000000000
|7 0
|9 126023
|a UL
|b UL
|c PER
|d 2017-12-13
|h Vol 43, No 20
|l 0
|o Shelf 229
|r 2017-12-13
|w 2017-12-13
|y SER
|
| 952 |
|
|
|0 0
|1 0
|2 ddc
|4 0
|6 SHELF_229_000000000000000
|7 0
|9 126145
|a UL
|b UL
|c PER
|d 2017-12-30
|h Vol 43, No 21
|l 0
|o Shelf 229
|r 2017-12-30
|w 2017-12-30
|y SER
|
| 952 |
|
|
|0 0
|1 0
|2 ddc
|4 0
|6 SHELF_229_000000000000000
|7 0
|9 126435
|a UL
|b UL
|c PER
|d 2018-01-15
|h Vol 43, No 22
|l 0
|o Shelf 229
|r 2018-01-15
|w 2018-01-15
|y SER
|
| 952 |
|
|
|0 0
|1 0
|2 ddc
|4 0
|6 SHELF_229_000000000000000
|7 0
|9 126576
|a UL
|b UL
|c PER
|d 2018-01-31
|h Vol 43, No 23
|l 0
|o Shelf 229
|r 2018-01-31
|w 2018-01-31
|y SER
|
| 952 |
|
|
|0 0
|1 0
|2 ddc
|4 0
|6 SHELF_229_000000000000000
|7 0
|9 126739
|a UL
|b UL
|c PER
|d 2018-02-14
|h Vol 43, No 24
|l 0
|o Shelf 229
|r 2018-02-14
|w 2018-02-14
|y SER
|
| 952 |
|
|
|0 0
|1 0
|2 ddc
|4 0
|6 SHELF_229_000000000000000
|7 0
|9 126974
|a UL
|b UL
|c PER
|d 2018-02-28
|h Vol 44, No 1
|l 0
|o Shelf 229
|r 2018-02-28
|w 2018-02-28
|y SER
|
| 952 |
|
|
|0 0
|1 0
|2 ddc
|4 0
|6 SHELF_229_000000000000000
|7 0
|9 127129
|a UL
|b UL
|c PER
|d 2018-03-14
|h Vol 44, No 2
|l 0
|o Shelf 229
|r 2018-03-14
|w 2018-03-14
|y SER
|
| 952 |
|
|
|0 0
|1 0
|2 ddc
|4 0
|6 SHELF_229_000000000000000
|7 0
|9 127296
|a UL
|b UL
|c PER
|d 2018-03-28
|h Vol 44, No 3
|l 0
|o Shelf 229
|r 2018-03-28
|w 2018-03-28
|y SER
|
| 952 |
|
|
|0 0
|1 0
|2 ddc
|4 0
|6 SHELF_229_000000000000000
|7 0
|9 127482
|a UL
|b UL
|c PER
|d 2018-04-13
|h Vol 44, No 4
|l 0
|o Shelf 229
|r 2018-04-13
|w 2018-04-13
|y SER
|
| 952 |
|
|
|0 0
|1 0
|2 ddc
|4 0
|6 SHELF_229_000000000000000
|7 0
|9 127621
|a UL
|b UL
|c PER
|d 2018-04-28
|h Vol 44, No 5
|l 0
|o Shelf 229
|r 2018-04-28
|w 2018-04-28
|y SER
|
| 952 |
|
|
|0 0
|1 0
|2 ddc
|4 0
|6 SHELF_229_000000000000000
|7 0
|9 127778
|a UL
|b UL
|c PER
|d 2018-05-16
|h Vol 44, No 6
|l 0
|o Shelf 229
|r 2018-05-16
|w 2018-05-16
|y SER
|
| 952 |
|
|
|0 0
|1 0
|2 ddc
|4 0
|6 SHELF_229_000000000000000
|7 0
|9 127884
|a UL
|b UL
|c PER
|d 2018-05-30
|h Vol 44, No 7
|l 0
|o Shelf 229
|r 2018-05-30
|w 2018-05-30
|y SER
|
| 952 |
|
|
|0 0
|1 0
|2 ddc
|4 0
|6 SHELF_229_000000000000000
|7 0
|9 128028
|a UL
|b UL
|c PER
|d 2018-06-13
|h Vol 44, No 8
|l 0
|o Shelf 229
|r 2018-06-13
|w 2018-06-13
|y SER
|
| 952 |
|
|
|0 0
|1 0
|2 ddc
|4 0
|6 SHELF_229_000000000000000
|7 0
|9 128161
|a UL
|b UL
|c PER
|d 2018-06-30
|h Vol 44, No 9
|l 0
|o Shelf 229
|r 2018-06-30
|w 2018-06-30
|y SER
|
| 952 |
|
|
|0 0
|1 0
|2 ddc
|4 0
|6 SHELF_229_000000000000000
|7 0
|9 128267
|a UL
|b UL
|c PER
|d 2018-07-16
|h Vol 44, No 10
|l 0
|o Shelf 229
|r 2018-07-16
|w 2018-07-16
|y SER
|
| 952 |
|
|
|0 0
|1 0
|2 ddc
|4 0
|6 SHELF_229_000000000000000
|7 0
|9 128374
|a UL
|b UL
|c PER
|d 2018-07-31
|h Vol 44, No 11
|l 0
|o Shelf 229
|r 2018-07-31
|w 2018-07-31
|y SER
|
| 952 |
|
|
|0 0
|1 0
|2 ddc
|4 0
|6 SHELF_229_000000000000000
|7 0
|9 128556
|a UL
|b UL
|c PER
|d 2018-08-14
|h Vol 44, No 12
|l 0
|o Shelf 229
|r 2018-08-14
|w 2018-08-14
|y SER
|
| 952 |
|
|
|0 0
|1 0
|2 ddc
|4 0
|6 SHELF_229_000000000000000
|7 0
|9 326881
|a UL
|b UL
|c PER
|d 2018-09-15
|h Vol 44, No 13
|l 0
|o Shelf 229
|r 2018-09-15
|w 2018-09-15
|y SER
|
| 952 |
|
|
|0 0
|1 0
|2 ddc
|4 0
|6 SHELF_229_000000000000000
|7 0
|9 339825
|a UL
|b UL
|c PER
|d 2018-09-29
|h Vol 44, No 14
|l 0
|o Shelf 229
|r 2018-09-29
|w 2018-09-29
|y SER
|
| 952 |
|
|
|0 0
|1 0
|2 ddc
|4 0
|6 SHELF_229_000000000000000
|7 0
|9 340519
|a UL
|b UL
|c PER
|d 2018-10-15
|h Vol 44, No 15
|l 0
|o Shelf 229
|r 2018-10-15
|w 2018-10-15
|y SER
|
| 952 |
|
|
|0 0
|1 0
|2 ddc
|4 0
|6 SHELF_229_000000000000000
|7 0
|9 340521
|a UL
|b UL
|c PER
|d 2018-10-15
|h Vol 44, No 15
|l 0
|o Shelf 229
|r 2018-10-15
|w 2018-10-15
|y SER
|
| 952 |
|
|
|0 0
|1 0
|2 ddc
|4 0
|6 SHELF_229_000000000000000
|7 0
|9 341085
|a UL
|b UL
|c PER
|d 2018-10-31
|h Vol 44, No 16
|l 0
|o Shelf 229
|r 2018-10-31
|w 2018-10-31
|y SER
|
| 952 |
|
|
|0 0
|1 0
|2 ddc
|4 0
|6 SHELF_229_000000000000000
|7 0
|9 341623
|a UL
|b UL
|c PER
|d 2018-11-14
|h Vol 44, No 17
|l 0
|o Shelf 229
|r 2018-11-14
|w 2018-11-14
|y SER
|
| 952 |
|
|
|0 0
|1 0
|2 ddc
|4 0
|6 SHELF_229_000000000000000
|7 0
|9 342089
|a UL
|b UL
|c PER
|d 2018-11-28
|h Vol 44, No 18
|l 0
|o Shelf 229
|r 2018-11-28
|w 2018-11-28
|y SER
|
| 952 |
|
|
|0 0
|1 0
|2 ddc
|4 0
|6 SHELF_229_000000000000000
|7 0
|9 342777
|a UL
|b UL
|c PER
|d 2018-12-15
|h Vol 44, No 19
|l 0
|o Shelf 229
|r 2018-12-15
|w 2018-12-15
|y SER
|
| 952 |
|
|
|0 0
|1 0
|2 ddc
|4 0
|6 SHELF_229_000000000000000
|7 0
|9 343798
|a UL
|b UL
|c PER
|d 2019-01-16
|h Vol 44, No 20
|l 0
|o Shelf 229
|r 2019-01-16
|w 2019-01-16
|y SER
|
| 952 |
|
|
|0 0
|1 0
|2 ddc
|4 0
|6 SHELF_229_000000000000000
|7 0
|9 343799
|a UL
|b UL
|c PER
|d 2019-01-16
|h Vol 44, No 21
|l 0
|o Shelf 229
|r 2019-01-16
|w 2019-01-16
|y SER
|
| 952 |
|
|
|0 0
|1 0
|2 ddc
|4 0
|6 SHELF_229_000000000000000
|7 0
|9 344228
|a UL
|b UL
|c PER
|d 2019-01-30
|h Vol 44, No 22
|l 0
|o Shelf 229
|r 2019-01-30
|w 2019-01-30
|y SER
|
| 952 |
|
|
|0 0
|1 0
|2 ddc
|4 0
|6 SHELF_229_000000000000000
|7 0
|9 344229
|a UL
|b UL
|c PER
|d 2019-01-30
|h Vol 44, No 23
|l 0
|o Shelf 229
|r 2019-01-30
|w 2019-01-30
|y SER
|
| 952 |
|
|
|0 0
|1 0
|2 ddc
|4 0
|6 SHELF_229_000000000000000
|7 0
|9 355054
|a UL
|b UL
|c PER
|d 2019-02-13
|h Vol 44, No 24
|l 0
|o Shelf 229
|r 2019-02-13
|w 2019-02-13
|y SER
|
| 952 |
|
|
|0 0
|1 0
|2 ddc
|4 0
|6 SHELF_229_000000000000000
|7 0
|9 379905
|a UL
|b UL
|c PER
|d 2019-03-16
|h Vol 45, No 2
|l 0
|o Shelf 229
|r 2019-03-16
|w 2019-03-16
|y SER
|
| 952 |
|
|
|0 0
|1 0
|2 ddc
|4 0
|6 SHELF_229_000000000000000
|7 0
|9 380045
|a UL
|b UL
|c PER
|d 2019-03-19
|h Vol 45, No 1
|l 0
|o Shelf 229
|r 2019-03-19
|w 2019-03-19
|y SER
|
| 952 |
|
|
|0 0
|1 0
|2 ddc
|4 0
|6 SHELF_229_000000000000000
|7 0
|9 380982
|a UL
|b UL
|c PER
|d 2019-03-30
|h Vol 45, No 3
|l 0
|o Shelf 229
|r 2019-03-30
|w 2019-03-30
|y SER
|
| 952 |
|
|
|0 0
|1 0
|2 ddc
|4 0
|6 SHELF_229_000000000000000
|7 0
|9 382091
|a UL
|b UL
|c PER
|d 2019-04-16
|h Vol 45, No 4
|l 0
|o Shelf 229
|r 2019-04-16
|w 2019-04-16
|y SER
|
| 952 |
|
|
|0 0
|1 0
|2 ddc
|4 0
|6 SHELF_229_000000000000000
|7 0
|9 382928
|a UL
|b UL
|c PER
|d 2019-04-30
|h Vol 45, No 5
|l 0
|o Shelf 229
|r 2019-04-30
|w 2019-04-30
|y SER
|
| 952 |
|
|
|0 0
|1 0
|2 ddc
|4 0
|6 SHELF_229_000000000000000
|7 0
|9 383760
|a UL
|b UL
|c PER
|d 2019-05-15
|h Vol 45, No 6
|l 0
|o Shelf 229
|r 2019-05-15
|w 2019-05-15
|y SER
|
| 952 |
|
|
|0 0
|1 0
|2 ddc
|4 0
|6 SHELF_229_000000000000000
|7 0
|9 384501
|a UL
|b UL
|c PER
|d 2019-05-29
|h Vol 45, No 7
|l 0
|o Shelf 229
|r 2019-05-29
|w 2019-05-29
|y SER
|
| 952 |
|
|
|0 0
|1 0
|2 ddc
|4 0
|6 SHELF_229_000000000000000
|7 0
|9 385331
|a UL
|b UL
|c PER
|d 2019-06-15
|h Vol 45, No 8
|l 0
|o Shelf 229
|r 2019-06-15
|w 2019-06-15
|y SER
|
| 952 |
|
|
|0 0
|1 0
|2 ddc
|4 0
|6 SHELF_229_000000000000000
|7 0
|9 386006
|a UL
|b UL
|c PER
|d 2019-06-29
|h Vol 45, No 9
|l 0
|o Shelf 229
|r 2019-06-29
|w 2019-06-29
|y SER
|
| 952 |
|
|
|0 0
|1 0
|2 ddc
|4 0
|6 SHELF_229_000000000000000
|7 0
|9 386867
|a UL
|b UL
|c PER
|d 2019-07-15
|h Vol 45, No 10
|l 0
|o Shelf 229
|r 2019-07-15
|w 2019-07-15
|y SER
|
| 952 |
|
|
|0 0
|1 0
|2 ddc
|4 0
|6 SHELF_229_000000000000000
|7 0
|9 387718
|a UL
|b UL
|c PER
|d 2019-08-01
|h Vol 45, No 11
|l 0
|o Shelf 229
|r 2019-08-01
|w 2019-08-01
|y SER
|
| 952 |
|
|
|0 0
|1 0
|2 ddc
|4 0
|6 SHELF_229_000000000000000
|7 0
|9 393398
|a UL
|b UL
|c PER
|d 2019-08-14
|h Vol 45, No 12
|l 0
|o Shelf 229
|r 2019-08-14
|w 2019-08-14
|y SER
|
| 952 |
|
|
|0 0
|1 0
|2 ddc
|4 0
|6 SHELF_229_000000000000000
|7 0
|9 394249
|a UL
|b UL
|c PER
|d 2019-08-31
|h Vol 45, No 13
|l 0
|o Shelf 229
|r 2019-08-31
|w 2019-08-31
|y SER
|
| 952 |
|
|
|0 0
|1 0
|2 ddc
|4 0
|6 SHELF_229_000000000000000
|7 0
|9 394597
|a UL
|b UL
|c PER
|d 2019-09-16
|h Vol 45, No 14
|l 0
|o Shelf 229
|r 2019-09-16
|w 2019-09-16
|y SER
|
| 952 |
|
|
|0 0
|1 0
|2 ddc
|4 0
|6 SHELF_229_000000000000000
|7 0
|9 395149
|a UL
|b UL
|c PER
|d 2019-09-28
|h Vol 45, No 15
|l 0
|o Shelf 229
|r 2019-09-28
|w 2019-09-28
|y SER
|
| 952 |
|
|
|0 0
|1 0
|2 ddc
|4 0
|6 SHELF_229_000000000000000
|7 0
|9 395538
|a UL
|b UL
|c PER
|d 2019-10-16
|h Vol 45, No 16
|l 0
|o Shelf 229
|r 2019-10-16
|w 2019-10-16
|y SER
|
| 952 |
|
|
|0 0
|1 0
|2 ddc
|4 0
|6 SHELF_229_000000000000000
|7 0
|9 395878
|a UL
|b UL
|c PER
|d 2019-10-30
|h Vol 45, No 17
|l 0
|o Shelf 229
|r 2019-10-30
|w 2019-10-30
|y SER
|
| 952 |
|
|
|0 0
|1 0
|2 ddc
|4 0
|6 SHELF_229_000000000000000
|7 0
|9 396605
|a UL
|b UL
|c PER
|d 2019-11-13
|h Vol 45, No 18
|l 0
|o Shelf 229
|r 2019-11-13
|w 2019-11-13
|y SER
|
| 952 |
|
|
|0 0
|1 0
|2 ddc
|4 0
|6 SHELF_229_000000000000000
|7 0
|9 398095
|a UL
|b UL
|c PER
|d 2019-11-30
|h Vol 45, No 19
|l 0
|o Shelf 229
|r 2019-11-30
|w 2019-11-30
|y SER
|
| 952 |
|
|
|0 0
|1 0
|2 ddc
|4 0
|6 SHELF_229_000000000000000
|7 0
|9 399011
|a UL
|b UL
|c PER
|d 2019-12-16
|h Vol 45, No 20
|l 0
|o Shelf 229
|r 2019-12-16
|w 2019-12-16
|y SER
|
| 952 |
|
|
|0 0
|1 0
|2 ddc
|4 0
|6 SHELF_229_000000000000000
|7 0
|9 402366
|a UL
|b UL
|c PER
|d 2020-02-15
|h Vol 45, No 24
|l 0
|o Shelf 229
|r 2020-02-15
|w 2020-02-15
|y SER
|
| 952 |
|
|
|0 0
|1 0
|2 ddc
|4 0
|6 SHELF_229_000000000000000
|7 0
|9 403234
|a UL
|b UL
|c PER
|d 2020-02-29
|h Vol 46, No 1
|l 0
|o Shelf 229
|r 2020-02-29
|w 2020-02-29
|y SER
|
| 952 |
|
|
|0 0
|1 0
|2 ddc
|4 0
|6 SHELF_229_000000000000000
|7 0
|9 404307
|a UL
|b UL
|c PER
|d 2020-05-04
|h Vol 46, No 3
|l 0
|o Shelf 229
|r 2020-05-04
|w 2020-05-04
|y SER
|
| 952 |
|
|
|0 0
|1 0
|2 ddc
|4 0
|6 SHELF_229_000000000000000
|7 0
|9 404559
|a UL
|b UL
|c PER
|d 2020-05-15
|h Vol 46, No 6
|l 0
|o Shelf 229
|r 2020-05-15
|w 2020-05-15
|y SER
|
| 952 |
|
|
|0 0
|1 0
|2 ddc
|4 0
|6 SHELF_229_000000000000000
|7 0
|9 404560
|a UL
|b UL
|c PER
|d 2020-05-15
|h Vol 46, No 5
|l 0
|o Shelf 229
|r 2020-05-15
|w 2020-05-15
|y SER
|
| 952 |
|
|
|0 0
|1 0
|2 ddc
|4 0
|6 SHELF_229_000000000000000
|7 0
|9 404800
|a UL
|b UL
|c PER
|d 2020-06-02
|h Vol 46, No 7
|l 0
|o Shelf 229
|r 2020-06-02
|w 2020-06-02
|y SER
|
| 952 |
|
|
|0 0
|1 0
|2 ddc
|4 0
|6 SHELF_229_000000000000000
|7 0
|9 405019
|a UL
|b UL
|c PER
|d 2020-06-12
|h Vol 46, No 8
|l 0
|o Shelf 229
|r 2020-06-12
|w 2020-06-12
|y SER
|
| 952 |
|
|
|0 0
|1 0
|2 ddc
|4 0
|6 SHELF_229_000000000000000
|7 0
|9 405697
|a UL
|b UL
|c PER
|d 2020-06-26
|h Vol 46, No 9
|l 0
|o Shelf 229
|r 2020-06-26
|w 2020-06-26
|y SER
|
| 952 |
|
|
|0 0
|1 0
|2 ddc
|4 0
|6 SHELF_229_000000000000000
|7 0
|9 406207
|a UL
|b UL
|c PER
|d 2020-07-13
|h Vol 46, No 10
|l 0
|o Shelf 229
|r 2020-07-13
|w 2020-07-13
|y SER
|
| 952 |
|
|
|0 0
|1 0
|2 ddc
|4 0
|6 SHELF_229_000000000000000
|7 0
|9 406874
|a UL
|b UL
|c PER
|d 2020-07-27
|h Vol 46, No 11
|l 0
|o Shelf 229
|r 2020-07-27
|w 2020-07-27
|y SER
|
| 952 |
|
|
|0 0
|1 0
|2 ddc
|4 0
|6 SHELF_229_000000000000000
|7 0
|9 407193
|a UL
|b UL
|c PER
|d 2020-08-21
|h Vol 46, No 12
|l 0
|o Shelf 229
|r 2020-08-21
|w 2020-08-21
|y SER
|
| 952 |
|
|
|0 0
|1 0
|2 ddc
|4 0
|6 SHELF_229_000000000000000
|7 0
|9 407205
|a UL
|b UL
|c PER
|d 2020-08-24
|h Vol 46, No 13
|l 0
|o Shelf 229
|r 2020-08-24
|w 2020-08-24
|y SER
|
| 952 |
|
|
|0 0
|1 0
|2 ddc
|4 0
|6 SHELF_229_000000000000000
|7 0
|9 407535
|a UL
|b UL
|c PER
|d 2020-09-07
|h Vol 46, No 14
|l 0
|o Shelf 229
|r 2020-09-07
|w 2020-09-07
|y SER
|
| 952 |
|
|
|0 0
|1 0
|2 ddc
|4 0
|6 SHELF_229_000000000000000
|7 0
|9 407856
|a UL
|b UL
|c PER
|d 2020-09-22
|h Vol 46, No 15
|l 0
|o Shelf 229
|r 2020-09-22
|w 2020-09-22
|y SER
|
| 952 |
|
|
|0 0
|1 0
|2 ddc
|4 0
|6 SHELF_229_000000000000000
|7 0
|9 408428
|a UL
|b UL
|c PER
|d 2020-10-06
|h Vol 46, No 16
|l 0
|o Shelf 229
|r 2020-10-06
|w 2020-10-06
|y SER
|
| 952 |
|
|
|0 0
|1 0
|2 ddc
|4 0
|6 SHELF_229_000000000000000
|7 0
|9 408764
|a UL
|b UL
|c PER
|d 2020-10-19
|h Vol 46, No 17
|l 0
|o Shelf 229
|r 2020-10-19
|w 2020-10-19
|y SER
|
| 952 |
|
|
|0 0
|1 0
|2 ddc
|4 0
|6 SHELF_229_000000000000000
|7 0
|9 409122
|a UL
|b UL
|c PER
|d 2020-11-05
|h Vol 46, No 18
|l 0
|o Shelf 229
|r 2020-11-05
|w 2020-11-05
|y SER
|
| 952 |
|
|
|0 0
|1 0
|2 ddc
|4 0
|6 SHELF_229_000000000000000
|7 0
|9 409414
|a UL
|b UL
|c PER
|d 2020-11-16
|h Vol 46, No 19
|l 0
|o Shelf 229
|r 2020-11-16
|w 2020-11-16
|y SER
|
| 952 |
|
|
|0 0
|1 0
|2 ddc
|4 0
|6 SHELF_229_000000000000000
|7 0
|9 409864
|a UL
|b UL
|c PER
|d 2020-11-30
|h Vol 46, No 20
|l 0
|o Shelf 229
|r 2020-11-30
|w 2020-11-30
|y SER
|
| 952 |
|
|
|0 0
|1 0
|2 ddc
|4 0
|6 SHELF_229_000000000000000
|7 0
|9 411296
|a UL
|b UL
|c PER
|d 2021-01-23
|h Vol 46, No 24
|l 0
|o Shelf 229
|r 2021-01-23
|w 2021-01-23
|y SER
|
| 952 |
|
|
|0 0
|1 0
|2 ddc
|4 0
|6 SHELF_229_000000000000000
|7 0
|9 411777
|a UL
|b UL
|c PER
|d 2021-02-06
|h Vol 46, No 25
|l 0
|o Shelf 229
|r 2021-02-06
|w 2021-02-06
|y SER
|
| 952 |
|
|
|0 0
|1 0
|2 ddc
|4 0
|6 SHELF_229_000000000000000
|7 0
|9 412251
|a UL
|b UL
|c PER
|d 2021-02-20
|h Vol 47, No 1
|l 0
|o Shelf 229
|r 2021-02-20
|w 2021-02-20
|y SER
|
| 952 |
|
|
|0 0
|1 0
|2 ddc
|4 0
|6 SHELF_229_000000000000000
|7 0
|9 414738
|a UL
|b UL
|c PER
|d 2021-03-06
|h Vol 47, No 2
|l 0
|o Shelf 229
|r 2021-03-06
|w 2021-03-06
|y SER
|
| 952 |
|
|
|0 0
|1 0
|2 ddc
|4 0
|6 SHELF_229_000000000000000
|7 0
|9 415033
|a UL
|b UL
|c PER
|d 2021-03-20
|h Vol 47, No 3
|l 0
|o Shelf 229
|r 2021-03-20
|w 2021-03-20
|y SER
|
| 952 |
|
|
|0 0
|1 0
|2 ddc
|4 0
|6 SHELF_229_000000000000000
|7 0
|9 415352
|a UL
|b UL
|c PER
|d 2021-04-03
|h Vol 47, No 3
|l 0
|o Shelf 229
|r 2021-04-03
|w 2021-04-03
|y SER
|
| 952 |
|
|
|0 0
|1 0
|2 ddc
|4 0
|6 SHELF_229_000000000000000
|7 0
|9 415353
|a UL
|b UL
|c PER
|d 2021-04-03
|h Vol 47, No 4
|l 0
|o Shelf 229
|r 2021-04-03
|w 2021-04-03
|y SER
|
| 952 |
|
|
|0 0
|1 0
|2 ddc
|4 0
|6 SHELF_229_000000000000000
|7 0
|9 415574
|a UL
|b UL
|c PER
|d 2021-04-17
|h Vol 47, No 5
|l 0
|o Shelf 229
|r 2021-04-17
|w 2021-04-17
|y SER
|
| 952 |
|
|
|0 0
|1 0
|2 ddc
|4 0
|6 SHELF_229_000000000000000
|7 0
|9 416813
|a UL
|b UL
|c PER
|d 2021-06-25
|h Vol 47, No 7
|l 0
|o Shelf 229
|r 2021-06-25
|w 2021-06-25
|y SER
|
| 952 |
|
|
|0 0
|1 0
|2 ddc
|4 0
|6 SHELF_229_000000000000000
|7 0
|9 416815
|a UL
|b UL
|c PER
|d 2021-06-25
|h Vol 47, No 8
|l 0
|o Shelf 229
|r 2021-06-25
|w 2021-06-25
|y SER
|
| 952 |
|
|
|0 0
|1 0
|2 ddc
|4 0
|6 SHELF_229_000000000000000
|7 0
|9 416816
|a UL
|b UL
|c PER
|d 2021-06-25
|h Vol 47, No 9
|l 0
|o Shelf 229
|r 2021-06-25
|w 2021-06-25
|y SER
|
| 952 |
|
|
|0 0
|1 0
|2 ddc
|4 0
|6 SHELF_229_000000000000000
|7 0
|9 416905
|a UL
|b UL
|c PER
|d 2021-06-28
|h Vol 47, No 10
|l 0
|o Shelf 229
|r 2021-06-28
|w 2021-06-28
|y SER
|
| 952 |
|
|
|0 0
|1 0
|2 ddc
|4 0
|6 SHELF_229_000000000000000
|7 0
|9 417295
|a UL
|b UL
|c PER
|d 2021-07-09
|h Vol 47, No 11
|l 0
|o Shelf 229
|r 2021-07-09
|w 2021-07-09
|y SER
|
| 952 |
|
|
|0 0
|1 0
|2 ddc
|4 0
|6 SHELF_229_000000000000000
|7 0
|9 417776
|a UL
|b UL
|c PER
|d 2021-07-26
|h Vol 47, No 12
|l 0
|o Shelf 229
|r 2021-07-26
|w 2021-07-26
|y SER
|
| 952 |
|
|
|0 0
|1 0
|2 ddc
|4 0
|6 SHELF_229_000000000000000
|7 0
|9 418098
|a UL
|b UL
|c PER
|d 2021-08-06
|h Vol 47, No 13
|l 0
|o Shelf 229
|r 2021-08-06
|w 2021-08-06
|y SER
|
| 952 |
|
|
|0 0
|1 0
|2 ddc
|4 0
|6 SHELF_229_000000000000000
|7 0
|9 418612
|a UL
|b UL
|c PER
|d 2021-08-24
|h Vol 47, No 14
|l 0
|o Shelf 229
|r 2021-08-24
|w 2021-08-24
|y SER
|
| 952 |
|
|
|0 0
|1 0
|2 ddc
|4 0
|6 SHELF_229_000000000000000
|7 0
|9 419016
|a UL
|b UL
|c PER
|d 2021-09-03
|h Vol 47, No 15
|l 0
|o Shelf 229
|r 2021-09-03
|w 2021-09-03
|y SER
|
| 952 |
|
|
|0 0
|1 0
|2 ddc
|4 0
|6 SHELF_229_000000000000000
|7 0
|9 420177
|a UL
|b UL
|c PER
|d 2021-09-17
|h Vol 47, No 16
|l 0
|o Shelf 229
|r 2021-09-17
|w 2021-09-17
|y SER
|
| 952 |
|
|
|0 0
|1 0
|2 ddc
|4 0
|6 SHELF_229_000000000000000
|7 0
|9 420944
|a UL
|b UL
|c PER
|d 2021-10-01
|h Vol 47, No 17
|l 0
|o Shelf 229
|r 2021-10-01
|w 2021-10-01
|y SER
|
| 952 |
|
|
|0 0
|1 0
|2 ddc
|4 0
|6 SHELF_229_000000000000000
|7 0
|9 421717
|a UL
|b UL
|c PER
|d 2021-10-16
|h Vol 47, No 18
|l 0
|o Shelf 229
|r 2021-10-16
|w 2021-10-16
|y SER
|
| 952 |
|
|
|0 0
|1 0
|2 ddc
|4 0
|6 SHELF_229_000000000000000
|7 0
|9 422278
|a UL
|b UL
|c PER
|d 2021-10-26
|h Vol 47, No 19
|l 0
|o Shelf 229
|r 2021-10-26
|w 2021-10-26
|y SER
|
| 952 |
|
|
|0 0
|1 0
|2 ddc
|4 0
|6 SHELF_229_000000000000000
|7 0
|9 423205
|a UL
|b UL
|c PER
|d 2021-11-12
|h Vol 47, No 20
|l 0
|o Shelf 229
|r 2021-11-12
|w 2021-11-12
|y SER
|
| 952 |
|
|
|0 0
|1 0
|2 ddc
|4 0
|6 SHELF_229_000000000000000
|7 0
|9 424637
|a UL
|b UL
|c PER
|d 2021-12-10
|h Vol 47, No 22
|l 0
|o Shelf 229
|r 2021-12-10
|w 2021-12-10
|y SER
|
| 952 |
|
|
|0 0
|1 0
|2 ddc
|4 0
|6 SHELF_229_000000000000000
|7 0
|9 425213
|a UL
|b UL
|c PER
|d 2021-12-24
|h Vol 48, No 23
|l 0
|o Shelf 229
|r 2021-12-24
|w 2021-12-24
|y SER
|